Giải bài tập cơ học chuyên đề bồi dưỡng học sinh giỏi vật lý THPT
Bổ túc phép tính Vectơ. Động học chất điểm. Tổng quát về động lực học chất điểm. Chuyển động của chất điểm trong trường hấp dẫn. Lực quan tính. Cân bằng của chất điểm. Va chạm của chất điểm. Dao động của chất điểm. chuyển động của chất điểm có khối lượng biến đổi...
Enregistré dans:
| Auteur principal: | |
|---|---|
| Autres auteurs: | |
| Format: | Livre |
| Langue: | Vietnamese |
| Publié: |
Đại học Đà Nẵng
Trường đại học Sư Phạm
2006
|
| Collection: | Khóa luận tốt nghiệp đại học. Chuyên ngành: Sư phạm Lý
|
| Sujets: | |
| Tags: |
Ajouter un tag
Pas de tags, Soyez le premier à ajouter un tag!
|
| Thư viện lưu trữ: | Mạng thư viện Đại học Đà Nẵng |
|---|
| LEADER | 01685nam a2200349 4500 | ||
|---|---|---|---|
| 001 | 000012083 | ||
| 003 | 8370 | ||
| 005 | 20120215140250.0 | ||
| 008 | 120215s2006 viesd | ||
| 041 | |a vie | ||
| 072 | |a Khóa luận tốt nghiệp | ||
| 082 | |a 531.071 |b LE-H | ||
| 100 | |a Lê, Thị Hồng | ||
| 245 | |a Giải bài tập cơ học chuyên đề bồi dưỡng học sinh giỏi vật lý THPT |c Lê, Thị Hồng | ||
| 260 | |a Đại học Đà Nẵng |b Trường đại học Sư Phạm |c 2006 | ||
| 300 | |a 93 tr. |c 29 cm | ||
| 490 | |a Khóa luận tốt nghiệp đại học. Chuyên ngành: Sư phạm Lý | ||
| 500 | |a Tham khảo tr.93 + phụ lục [36 tr.] | ||
| 520 | |a Bổ túc phép tính Vectơ. Động học chất điểm. Tổng quát về động lực học chất điểm. Chuyển động của chất điểm trong trường hấp dẫn. Lực quan tính. Cân bằng của chất điểm. Va chạm của chất điểm. Dao động của chất điểm. chuyển động của chất điểm có khối lượng biến đổi | ||
| 653 | |a Khóa luận tốt nghiệp đại học | ||
| 653 | |a Khoa Vật lý | ||
| 700 | |a Bạch, Nghĩ |c Th.S |e Hướng dẫn | ||
| OWN | |a LSP | ||
| AVA | |a UDN50 |b LSP |d 531.071 LE-H |e available |t Error 5001 Not defined in file expand_doc_bib_avail. |f 1 |g 0 |h N |i 0 |k 1 | ||
| 999 | |a From the UDN01 | ||
| AVA | |a UDN50 |b LSP |d 531.071 LE-H |e available |t Error 5001 Not defined in file expand_doc_bib_avail. |f 1 |g 0 |h N |i 0 |k 1 | ||
| TYP | |a Monograph | ||
| TYP | |a Printed language | ||
| 980 | |a Mạng thư viện Đại học Đà Nẵng | ||